000 00583nam a22001337a 4500
020 _a978-0-143-33403-3
082 _a823
_bBON/C
245 _aCRICKET FOR THE CROCODILE
260 _aGURGAON
_bPUFFIN BOOKS
_c2016
300 _a48
520 _aRanji's team finds an unexpected opponent-a nosy crocodile-when they play a cricket match against the village boys. Annoyed at the swarms of boys crowding the riverbank and the alarming cricket balls plopping around his place of rest, Nakoo the crocodile decides to take his revenge.
650 _aCHILDRENS STORY BOOK
_zINDIA
942 _cBK
999 _c2778
_d2778